| 000 -CABECERA |
| Longitud fija campo de control |
00663nam a22002297a 4500 |
| 003 - IDENTIFICADOR DEL NÚMERO DE CONTROL |
| Identificador del número de control |
OSt |
| 005 - FECHA Y HORA DE LA ÚLTIMA TRANSACCIÓN |
| Fecha y hora de la última transacción |
20160504172933.0 |
| 008 - CÓDIGOS DE INFORMACIÓN DE LONGITUD FIJA |
| Códigos de información de longitud fija |
160504s2016 spc 001 f cat d |
| 017 ## - NÚMERO DE COPYRIGHT O DE DEPÓSITO LEGAL |
| Número de copyright o de depósito legal |
DL B. 28079-2015 |
| 020 ## - NÚMERO INTERNACIONAL NORMALIZADO PARA LIBROS |
| Número Internacional Normalizado para Libros (ISBN) |
9788497102612 |
| 040 ## - FUENTE DE LA CATALOGACIÓN |
| Lengua de catalogación |
cat |
| Centro transcriptor |
CDMR |
| 100 1# - PUNTO DE ACCESO PRINCIPAL-NOMBRE DE PERSONA |
| Nombre de persona |
Foix, Lluís, |
| Fechas asociadas al nombre |
1943- |
| 245 10 - MENCIÓN DE TÍTULO |
| Título |
Aquella porta giratòria |
| Mención de responsabilidad, etc. |
Lluís Foix |
| 260 ## - PUBLICACIÓN, DISTRIBUCIÓN, ETC. (PIE DE IMPRENTA) |
| Lugar de publicación, distribución, etc. |
Barcelona : |
| Nombre del editor, distribuidor, etc. |
Destino, |
| Fecha de publicación, distribución, etc. |
2016 |
| 300 ## - DESCRIPCIÓN FÍSICA |
| Extensión |
275 p. ; |
| Dimensiones |
24 cm |
| 586 ## - NOTA DE PREMIOS |
| Nota de premios |
Premi Josep Pla 2016 |
| 600 17 - PUNTO DE ACCESO ADICIONAL DE MATERIA - NOMBRE DE PERSONA |
| Nombre de persona |
Foix, Lluís, |
| Fechas asociadas al nombre |
1943- |
| Fuente de encabezamiento o te&ecute,rmino |
lemac |
| 610 24 - PUNTO DE ACCESO ADICIONAL DE MATERIA - NOMBRE DE ENTIDAD CORPORATIVA |
| Nombre de entidad corporativa o nombre de jurisdicción como elemento inicial |
La Vanguardia (Diari) |
| Subdivisió,n de materia general |
Història |
| 9 (RLIN) |
1150 |
| 650 04 - PUNTO DE ACCESO ADICIONAL DE MATERIA - TÉRMINO DE MATERIA |
| Término de materia o nombre geográfico como elemento inicial |
Periodistes |
| Subdivisión geográfica |
Catalunya |
| Subdivisión cronológica |
S. XX |
| 9 (RLIN) |
2273 |
| 650 00 - PUNTO DE ACCESO ADICIONAL DE MATERIA - TÉRMINO DE MATERIA |
| Término de materia o nombre geográfico como elemento inicial |
Premsa |
| Subdivisión geográfica |
Catalunya |
| Subdivisión cronológica |
S. XX |
| 9 (RLIN) |
1545 |
| 942 ## - ENTRADA DE ELEMENTOS AGREGADOS (KOHA) |
| Koha [por defecto] tipo de item |
Monografies |